[Event "Coventry 4NCL op-B 16th"]
[Site "Coventry"]
[Date "2017.11.04"]
[Round "3"]
[White "Shaw, Meyrick"]
[Black "Burrows, Nick"]
[Result "0-1"]
[WhiteElo "1954"]
[BlackElo "1908"]
[PlyCount "98"]
[EventDate "2017.11.03"]
[EventType "swiss"]
[EventRounds "5"]
[EventCountry "ENG"]
[SourceTitle "CBM 181 Extra"]
[Source "ChessBase"]
[SourceDate "2017.12.12"]
[SourceVersion "1"]
[SourceVersionDate "2017.12.12"]
[SourceQuality "1"]

1. d4 f5 2. g3 e6 3. Bg2 d5 4. Nf3 Nf6 5. Bg5 Nbd7 6. 0-0 Bd6 7. Nbd2 0-0 8. c4 c6 9. Qc2 Qe8 10. c5 Bc7 11. b4 Ne4 12. Nxe4 fxe4 13. Nd2 Qh5 14. Be3 Nf6 15. Rfe1 Ng4 16. Nf1 e5 17. Rad1 Nxe3 18. Nxe3 Bh3 19. Bxh3 Qxh3 20. Nf1 Rf6 21. dxe5 Bxe5 22. f4 Bxf4 23. gxf4 Rg6+ 24. Ng3 Rxg3+ 25. hxg3 Qxg3+ 26. Kh1 Qh3+ 27. Kg1 Rf8 28. e3 Rf6 29. Rd2 Qg3+ 30. Kf1 Rh6 31. Rf2 Rh1+ 32. Ke2 Qxf2+ 33. Kxf2 Rh2+ 34. Kg3 Rxc2 35. Kg4 Rxa2 36. Kf5 Kf7 37. Ke5 Rb2 38. Rh1 h6 39. Rh5 Rxb4 40. Rf5+ Ke7 41. Rh5 Rc4 42. Rh1 Rxc5 43. Ra1 a5 44. f5 h5 45. Rh1 a4 46. Rxh5 a3 47. Rh1 a2 48. Ra1 Ra5 49. Kd4 Kf6 0-1

[Event "Guernsey op 43rd"]
[Site "Vale"]
[Date "2017.10.21"]
[Round "7"]
[White "Shaw, Meyrick"]
[Black "Winter, Kevin"]
[Result "1-0"]
[WhiteElo "1954"]
[BlackElo "1774"]
[PlyCount "79"]
[EventDate "2017.10.15"]
[EventType "swiss"]
[EventRounds "7"]
[EventCountry "GCI"]
[SourceTitle "CBM 181 Extra"]
[Source "ChessBase"]
[SourceDate "2017.12.12"]
[SourceVersion "1"]
[SourceVersionDate "2017.12.12"]
[SourceQuality "1"]

1. d4 Nf6 2. Bf4 g6 3. c3 Bg7 4. Nd2 d6 5. e4 Nh5 6. Be3 Nf6 7. Bc4 0-0 8. Ngf3 Nc6 9. Qc2 a6 10. h3 Rb8 11. 0-0 b5 12. Bd3 Nd7 13. Rac1 Nf6 14. d5 Ne5 15. Nxe5 dxe5 16. Nf3 Nh5 17. Rfd1 f5 18. c4 fxe4 19. Bxe4 Nf4 20. c5 Bf5 21. Kf1 Qd7 22. Bxf5 Rxf5 23. Qe4 Rbf8 24. g4 Ng2 25. gxf5 gxf5 26. Nxe5 fxe4 27. Nxd7 Nxe3+ 28. Ke2 Nxd1 29. Nxf8 Nxf2 30. Ne6 Bh6 31. Rg1+ Kf7 32. Kxf2 Kf6 33. Nxc7 Ke5 34. Rd1 Kf4 35. Nxa6 Bg7 36. c6 b4 37. c7 b3 38. c8Q e6 39. Nc5 h5 40. Nxe6+ 1-0

[Event "Guernsey op 43rd"]
[Site "Vale"]
[Date "2017.10.19"]
[Round "5"]
[White "Shaw, Meyrick"]
[Black "Rowe, Oliver"]
[Result "1-0"]
[WhiteElo "1954"]
[BlackElo "1634"]
[PlyCount "29"]
[EventDate "2017.10.15"]
[EventType "swiss"]
[EventRounds "7"]
[EventCountry "GCI"]
[SourceTitle "CBM 181 Extra"]
[Source "ChessBase"]
[SourceDate "2017.12.12"]
[SourceVersion "1"]
[SourceVersionDate "2017.12.12"]
[SourceQuality "1"]

1. d4 Nf6 2. Nf3 d5 3. Bf4 c5 4. e3 Nc6 5. c3 Qb6 6. Qc2 cxd4 7. exd4 Bf5 8. Qxf5 Qxb2 9. Be2 Qxa1 10. Qc2 Rc8 11. 0-0 Ne4 12. Qb3 Nxc3 13. Nxc3 Nxd4 14. Bb5+ Kd8 15. Qxd5# 1-0

[Event "Guernsey op 43rd"]
[Site "Vale"]
[Date "2017.10.16"]
[Round "2"]
[White "Shaw, Meyrick"]
[Black "Spanton, Timothy"]
[Result "1-0"]
[WhiteElo "1954"]
[BlackElo "1858"]
[PlyCount "73"]
[EventDate "2017.10.15"]
[EventType "swiss"]
[EventRounds "7"]
[EventCountry "GCI"]
[SourceTitle "CBM 181 Extra"]
[Source "ChessBase"]
[SourceDate "2017.12.12"]
[SourceVersion "1"]
[SourceVersionDate "2017.12.12"]
[SourceQuality "1"]

1. e4 e5 2. Nf3 Nc6 3. Bb5 Nf6 4. 0-0 Nxe4 5. Re1 Nd6 6. Nxe5 Be7 7. Bd3 Nxe5 8. Rxe5 0-0 9. Qh5 g6 10. Qh6 f5 11. Nc3 Bf6 12. Re2 Bg7 13. Qf4 Re8 14. Nd5 Rxe2 15. Bxe2 Qe8 16. Kf1 Be5 17. Qe3 f4 18. Qb3 Nf7 19. d4 Bxd4 20. Nxc7 Qd8 21. Nxa8 Qh4 22. Qf3 Qxh2 23. Bc4 Qh1+ 24. Ke2 d5 25. Bxf4 Qh4 26. Bg3 Qe7+ 27. Kf1 dxc4 28. Re1 Qc5 29. Re8+ Kg7 30. Nc7 c3 31. Rxc8 Qc4+ 32. Kg1 cxb2 33. Ne8+ Kh6 34. Rxc4 b1Q+ 35. Kh2 Ng5 36. Bf4 Be5 37. Qh3# 1-0

[Event "Guernsey op 43rd"]
[Site "Vale"]
[Date "2017.10.15"]
[Round "1"]
[White "Jackson, Oliver A"]
[Black "Shaw, Meyrick"]
[Result "1-0"]
[WhiteElo "2168"]
[BlackElo "1954"]
[PlyCount "49"]
[EventDate "2017.10.15"]
[EventType "swiss"]
[EventRounds "7"]
[EventCountry "GCI"]
[SourceTitle "CBM 181 Extra"]
[Source "ChessBase"]
[SourceDate "2017.12.12"]
[SourceVersion "1"]
[SourceVersionDate "2017.12.12"]
[SourceQuality "1"]

1. e4 c5 2. Nc3 Nc6 3. f4 d6 4. Nf3 g6 5. Bc4 Bg7 6. 0-0 e6 7. d3 a6 8. f5 b5 9. fxe6 fxe6 10. Bb3 Qb6 11. Qe1 Nge7 12. Kh1 Nd4 13. Nxd4 cxd4 14. Ne2 Nc6 15. Bd2 Ra7 16. c3 dxc3 17. Bxc3 Rf8 18. Rxf8+ Kxf8 19. Nf4 Re7 20. Bxg7+ Kxg7 21. Qc3+ Kg8 22. Rc1 Na7 23. Qf6 Qe3 24. Rf1 Nc6 25. Nd5 1-0

[Event "BCF-chT4S 1617 (4NCL)"]
[Site "England"]
[Date "2017.01.14"]
[Round "3.81"]
[White "Shaw, Meyrick"]
[Black "Akeya Price, Robert A"]
[Result "1-0"]
[WhiteElo "1933"]
[BlackElo "1694"]
[PlyCount "137"]
[EventDate "2016.11.26"]
[EventType "team-swiss"]
[EventRounds "11"]
[EventCountry "ENG"]
[SourceTitle "EXT 2019"]
[Source "ChessBase"]
[SourceDate "2018.10.10"]
[SourceVersion "1"]
[SourceVersionDate "2018.10.10"]
[SourceQuality "1"]
[WhiteTeam "Brown Jack II"]
[BlackTeam "Wood Green III"]
[WhiteTeamCountry "ENG"]
[BlackTeamCountry "ENG"]

1. Nf3 Nf6 2. d4 e6 3. Bf4 d5 4. e3 c5 5. Nbd2 Nc6 6. c3 b6 7. Bb5 Bd7 8. Qa4 Ne7 9. Ne5 Bxb5 10. Qxb5+ Nd7 11. dxc5 bxc5 12. e4 Ng6 13. Nxg6 hxg6 14. exd5 exd5 15. 0-0-0 Be7 16. Nf3 Qb6 17. Qe2 Qe6 18. Rhe1 0-0 19. Qd2 Qa6 20. Rxe7 Qxa2 21. Qxd5 Qa1+ 22. Kc2 Qa4+ 23. Qb3 Qxf4 24. Rdxd7 Rab8 25. Qd5 Qa4+ 26. Kb1 Qb5 27. Rb7 Qf1+ 28. Ka2 Qa6+ 29. Kb3 c4+ 30. Kc2 Qa4+ 31. Kb1 Rbd8 32. Rxf7 Qd1+ 33. Qxd1 Rxd1+ 34. Kc2 Rxf7 35. Rb8+ Rf8 36. Rxf8+ Kxf8 37. Kxd1 Ke7 38. Ne5 Ke6 39. Nxc4 Kd5 40. Ne3+ Ke4 41. c4 Kd4 42. b4 a6 43. c5 Ke5 44. Kc2 g5 45. Kc3 g6 46. Kc4 g4 47. Nxg4+ Ke6 48. c6 Kd6 49. Ne5 g5 50. b5 axb5+ 51. Kxb5 g4 52. Nxg4 Kc7 53. h4 Kd6 54. f4 Kc7 55. f5 Kd6 56. h5 Kc7 57. h6 Kd6 58. h7 Ke7 59. c7 Kd7 60. Kb6 Kd6 61. Nh6 Kd5 62. g4 Kd6 63. g5 Kd5 64. Ng4 Kd6 65. g6 Kd7 66. g7 Kd6 67. g8Q Kd7 68. c8Q+ Kd6 69. Qge6# 1-0

[Event "Wch Seniors 50 26th"]
[Site "Marianske Lazne"]
[Date "2016.11.20"]
[Round "2"]
[White "Shaw, Meyrick"]
[Black "Privoznik, Lubos"]
[Result "0-1"]
[WhiteElo "1947"]
[BlackElo "1652"]
[PlyCount "88"]
[EventDate "2016.11.19"]
[EventType "swiss"]
[EventRounds "11"]
[EventCountry "CZE"]
[SourceTitle "CBM 175 Extra"]
[Source "ChessBase"]
[SourceDate "2016.12.12"]
[SourceVersion "1"]
[SourceVersionDate "2016.12.12"]
[SourceQuality "1"]

1. d4 Nf6 2. Nf3 g6 3. Nbd2 d5 4. c3 Bg7 5. g3 0-0 6. Bg2 Nbd7 7. 0-0 Rb8 8. b3 c5 9. Bb2 b6 10. Qc2 Qc7 11. Rac1 Bb7 12. c4 Qd6 13. Rfd1 e6 14. dxc5 Qxc5 15. Qb1 Ne4 16. Nxe4 dxe4 17. Bxg7 Kxg7 18. Nd4 Nf6 19. e3 Rfd8 20. Nb5 a6 21. Nc3 Qf5 22. Qb2 Kf8 23. Ne2 e5 24. b4 Rd3 25. c5 Ng4 26. Nf4 Rxd1+ 27. Rxd1 Re8 28. Nd5 Qh5 29. Nxb6 Qxh2+ 30. Kf1 Qh5 31. Rd6 Nh2+ 32. Ke1 Nf3+ 33. Bxf3 exf3 34. Nd7+ Kg7 35. Nf6 Qh1+ 36. Kd2 Re7 37. c6 Qf1 38. Ng4 Bc8 39. Nxe5 Qxf2+ 40. Kc3 Qxb2+ 41. Kxb2 Rxe5 42. Rd2 Rxe3 43. a4 Re2 44. Kc3 f2 0-1

[Event "BCF-chT2d 1516 (4NCL) Demotion pool"]
[Site "England"]
[Date "2016.05.01"]
[Round "10.12"]
[White "Shaw, Meyrick"]
[Black "Selway, Alexander M"]
[Result "1-0"]
[WhiteElo "2035"]
[BlackElo "1705"]
[PlyCount "53"]
[EventDate "2015.11.14"]
[EventType "team-tourn"]
[EventRounds "4"]
[EventCountry "ENG"]
[SourceTitle "EXT 2017"]
[Source "ChessBase"]
[SourceDate "2016.10.25"]
[SourceVersion "1"]
[SourceVersionDate "2016.10.25"]
[SourceQuality "1"]
[WhiteTeam "Brown Jack Witney"]
[BlackTeam "The ADS"]
[WhiteTeamCountry "ENG"]
[BlackTeamCountry "ENG"]

1. e4 Nc6 2. d4 d5 3. e5 f6 4. f4 Nh6 5. c3 Bg4 6. Qb3 Rb8 7. Be3 e6 8. Nd2 Be7 9. h3 Bf5 10. g4 Bg6 11. exf6 gxf6 12. f5 Nxf5 13. gxf5 Bxf5 14. 0-0-0 a6 15. Re1 b5 16. Ngf3 Na5 17. Qd1 Qd6 18. Nh4 Be4 19. Nxe4 dxe4 20. Rg1 b4 21. Qh5+ Kd7 22. Qxa5 bxc3 23. Qxc3 f5 24. Rg7 f4 25. d5 fxe3 26. dxe6+ Ke8 27. Rxe7+ 1-0

[Event "Crawley e2e4 Gatwick op"]
[Site "Crawley"]
[Date "2016.02.20"]
[Round "2"]
[White "Brozel, Sacha"]
[Black "Shaw, Meyrick"]
[Result "0-1"]
[WhiteElo "1808"]
[BlackElo "2065"]
[PlyCount "118"]
[EventDate "2016.02.19"]
[EventType "swiss"]
[EventRounds "5"]
[EventCountry "ENG"]
[SourceTitle "CBM 171 Extra"]
[Source "ChessBase"]
[SourceDate "2016.04.26"]
[SourceVersion "1"]
[SourceVersionDate "2016.04.26"]
[SourceQuality "1"]

1. d4 Nf6 2. c4 e6 3. g3 d5 4. Bg2 Ne4 5. Nf3 Bb4+ 6. Nbd2 0-0 7. 0-0 f5 8. Ne5 c5 9. Nxe4 fxe4 10. a3 Ba5 11. dxc5 Bc7 12. Ng4 e5 13. Ne3 d4 14. Nd5 Bf5 15. Bg5 Qd7 16. Be7 Re8 17. Nxc7 Qxc7 18. Bd6 Qf7 19. f4 Qxc4 20. fxe5 Bg4 21. Bxe4 Bxe2 22. b3 Qa6 23. Bd5+ Kh8 24. Bxb7 Qxb7 25. Qxe2 Qxb3 26. Qg2 Nd7 27. Rf3 Qc4 28. Raf1 Nxc5 29. Rf7 Ne6 30. Qf2 Ng5 31. Rf8+ Rxf8 32. Qxf8+ Rxf8 33. Rxf8+ Qg8 34. Kf2 Qxf8+ 35. Bxf8 Kg8 36. Bd6 Kf7 37. h4 Ne4+ 38. Kf3 d3 39. Bb4 d2 40. Ke2 Ke6 41. Bxd2 Nxg3+ 42. Kf3 Nf5 43. Kg4 Kxe5 44. Bf4+ Ke4 45. Bd2 a6 46. Bc1 Nd4 47. Bb2 Ne6 48. Bc3 Nd4 49. Bb2 Kd3 50. Kg5 a5 51. Kf4 a4 52. Kg5 Kc4 53. h5 g6 54. hxg6 hxg6 55. Kxg6 Nc2 56. Kf5 Kb3 57. Bc1 Nxa3 58. Ke4 Nc4 59. Kd3 Nb2+ 0-1

[Event "Birmingham 4NCL op-A 7th"]
[Site "Birmingham"]
[Date "2016.01.31"]
[Round "5"]
[White "Wells, Jonathan C"]
[Black "Shaw, Meyrick"]
[Result "1/2-1/2"]
[WhiteElo "1986"]
[BlackElo "2080"]
[PlyCount "38"]
[EventDate "2016.01.29"]
[EventType "swiss"]
[EventRounds "5"]
[EventCountry "ENG"]
[SourceTitle "CBM 170 Extra"]
[Source "ChessBase"]
[SourceDate "2016.02.25"]
[SourceVersion "1"]
[SourceVersionDate "2016.02.25"]
[SourceQuality "1"]

1. d4 Nf6 2. c4 e6 3. g3 d5 4. Nf3 c6 5. Bg2 Nbd7 6. b3 Ne4 7. 0-0 Ndf6 8. Bb2 b6 9. Ne5 Bb7 10. Nd2 Bd6 11. e3 0-0 12. Qe2 Nxd2 13. Qxd2 Ne4 14. Qc2 f5 15. f3 Nf6 16. f4 Rc8 17. c5 Bxe5 18. dxe5 Ne4 19. Bd4 Ba6 1/2-1/2

[Event "Birmingham 4NCL op-A 7th"]
[Site "Birmingham"]
[Date "2016.01.30"]
[Round "2"]
[White "Shaw, Meyrick"]
[Black "Baxter, Harold"]
[Result "1/2-1/2"]
[WhiteElo "2080"]
[BlackElo "1861"]
[PlyCount "59"]
[EventDate "2016.01.29"]
[EventType "swiss"]
[EventRounds "5"]
[EventCountry "ENG"]
[SourceTitle "CBM 170 Extra"]
[Source "ChessBase"]
[SourceDate "2016.02.25"]
[SourceVersion "1"]
[SourceVersionDate "2016.02.25"]
[SourceQuality "1"]

1. d4 Nf6 2. Bf4 d5 3. e3 e6 4. Bd3 Bd6 5. Bg3 c5 6. c3 Nc6 7. Nf3 Ne4 8. Nbd2 Nxg3 9. hxg3 cxd4 10. exd4 Qf6 11. Qb3 g6 12. Nf1 Rb8 13. Ne3 h5 14. 0-0-0 Bd7 15. Rhe1 0-0 16. g4 hxg4 17. Nxg4 Qf4+ 18. Ne3 b5 19. Rh1 Be7 20. Kb1 b4 21. c4 Na5 22. Qc2 b3 23. axb3 dxc4 24. Nxc4 Nxc4 25. Bxc4 Bf6 26. Rh3 Bc6 27. Bd3 Rfd8 28. Qe2 Bd5 29. Bc4 Be4+ 30. Bd3 1/2-1/2

[Event "Guernsey op 41st"]
[Site "Vale"]
[Date "2015.10.22"]
[Round "5"]
[White "Shaw, Meyrick"]
[Black "De Kruif, Kees"]
[Result "1-0"]
[WhiteElo "2003"]
[BlackElo "1954"]
[PlyCount "65"]
[EventDate "2015.10.18"]
[EventType "swiss"]
[EventRounds "7"]
[EventCountry "GCI"]
[SourceTitle "EXT 2017"]
[Source "ChessBase"]
[SourceDate "2016.10.25"]
[SourceVersion "1"]
[SourceVersionDate "2016.10.25"]
[SourceQuality "1"]

1. d4 Nf6 2. Nf3 e6 3. Bf4 c5 4. e3 Be7 5. c3 b6 6. Bd3 Bb7 7. Nbd2 d5 8. Ne5 0-0 9. Qf3 Nbd7 10. g4 cxd4 11. exd4 Nxe5 12. Bxe5 Nd7 13. Qh3 g6 14. Bf4 e5 15. dxe5 Bg5 16. Bxg5 Qxg5 17. Nf3 Qf4 18. 0-0 d4 19. Nxd4 Nxe5 20. Be2 Rae8 21. Qg3 Qd2 22. Bb5 Re6 23. f4 Qxb2 24. fxe5 Rxe5 25. Rab1 Qxa2 26. Bc4 Qa5 27. Nb3 Qa4 28. Rxf7 Qxc4 29. Rxf8+ Kxf8 30. Qxe5 Qxg4+ 31. Qg3 Qe4 32. Rf1+ Kg8 33. Qb8+ 1-0

[Event "Birmingham 4NCL op-A 3rd"]
[Site "Birmingham"]
[Date "2015.07.19"]
[Round "5"]
[White "Dilleigh, Stephen P"]
[Black "Shaw, Meyrick"]
[Result "1-0"]
[WhiteElo "2096"]
[BlackElo "1993"]
[PlyCount "86"]
[EventDate "2015.07.17"]
[EventType "swiss"]
[EventRounds "5"]
[EventCountry "ENG"]
[SourceTitle "CBM 167 Extra"]
[Source "ChessBase"]
[SourceDate "2015.09.14"]
[SourceVersion "1"]
[SourceVersionDate "2015.09.14"]
[SourceQuality "1"]

1. Nf3 Nf6 2. c4 b6 3. g3 Bb7 4. Bg2 e6 5. 0-0 c5 6. Nc3 Be7 7. d4 cxd4 8. Qxd4 Nc6 9. Qf4 Qb8 10. Qxb8+ Rxb8 11. Bf4 d6 12. Rfd1 e5 13. Bg5 Rd8 14. Nb5 0-0 15. Bxf6 Bxf6 16. Nxd6 Ba6 17. Nb5 Bxb5 18. cxb5 Nd4 19. Nxd4 Rxd4 20. Rxd4 exd4 21. Rc1 Be5 22. Rc6 Rd8 23. Kf1 Kf8 24. Be4 h6 25. Ke1 Ke7 26. Kd2 d3 27. Bxd3 Bxb2 28. Ke3 Bd4+ 29. Kf3 Bc5 30. Bc4 Bd6 31. e4 h5 32. Ke2 h4 33. f4 hxg3 34. hxg3 f6 35. Kf3 g6 36. e5 fxe5 37. fxe5 Bb4 38. Rxg6 Rd4 39. Bb3 Be1 40. Rg7+ Kf8 41. Rxa7 Bc3 42. g4 Rb4 43. e6 Bf6 1-0

[Event "Birmingham 4NCL op 1st"]
[Site "Birmingham"]
[Date "2015.02.01"]
[Round "5"]
[White "Shaw, Meyrick"]
[Black "Stepanyan, Henrik"]
[Result "1-0"]
[WhiteElo "1965"]
[BlackElo "2042"]
[PlyCount "105"]
[EventDate "2015.01.30"]
[EventType "swiss"]
[EventRounds "5"]
[EventCountry "ENG"]
[SourceTitle "EXT 2023"]
[Source "ChessBase"]
[SourceDate "2022.10.05"]
[SourceVersion "1"]
[SourceVersionDate "2022.10.05"]
[SourceQuality "1"]

1. d4 Nf6 2. Nf3 g6 3. c4 Bg7 4. Nc3 0-0 5. e4 d6 6. g3 Nbd7 7. Bg2 e5 8. dxe5 dxe5 9. 0-0 c6 10. b3 Re8 11. Ba3 Qa5 12. Qc1 Nf8 13. Bd6 Nh5 14. b4 Qd8 15. Rd1 Qf6 16. b5 Bg4 17. Qe3 Bh6 18. Qd3 Rad8 19. c5 Nd7 20. Qe2 Ng7 21. bxc6 bxc6 22. h3 Bxf3 23. Qxf3 Qxf3 24. Bxf3 Ne6 25. Na4 Nd4 26. Bg4 Nf6 27. Bc7 Nxe4 28. Bxd8 Rxd8 29. Kg2 f5 30. Be2 Nd2 31. Ba6 f4 32. gxf4 exf4 33. Nc3 f3+ 34. Kg1 Rf8 35. a4 Rf5 36. Ra2 N4b3 37. Rb2 Rxc5 38. Ne4 Nxe4 39. Rxb3 Nd2 40. Rb7 Rg5+ 41. Kh1 Rh5 42. Re1 c5 43. Re8+ Bf8 44. Rd7 c4 45. Rxd2 Kf7 46. Rc8 Bh6 47. Rd7+ Ke6 48. Rxh7 Kd5 49. Bxc4+ Kd4 50. Rd7+ Ke4 51. Re8+ Kf4 52. Rd4+ Kf5 53. Rd5+ 1-0

[Event "Birmingham 4NCL op 1st"]
[Site "Birmingham"]
[Date "2015.01.30"]
[Round "1"]
[White "Shaw, Meyrick"]
[Black "Mason, Donald"]
[Result "0-1"]
[WhiteElo "1965"]
[BlackElo "2138"]
[PlyCount "72"]
[EventDate "2015.01.30"]
[EventType "swiss"]
[EventRounds "5"]
[EventCountry "ENG"]
[SourceTitle "EXT 2023"]
[Source "ChessBase"]
[SourceDate "2022.10.05"]
[SourceVersion "1"]
[SourceVersionDate "2022.10.05"]
[SourceQuality "1"]

1. d4 d5 2. Bf4 Nf6 3. e3 c5 4. c3 Nc6 5. Nf3 e6 6. Nbd2 Bd6 7. Bg3 0-0 8. Bd3 b6 9. Ne5 Bb7 10. f4 Ne7 11. 0-0 Nf5 12. Qf3 Be7 13. e4 Nxd4 14. cxd4 dxe4 15. Nxe4 Bxe4 16. Bxe4 Qxd4+ 17. Bf2 Qxe4 18. Nc6 Bd6 19. Bh4 Qxf3 20. Rxf3 Nd5 21. Rd1 Rfc8 22. Ne5 f6 23. Ng4 h5 24. Nf2 Bxf4 25. Rxd5 exd5 26. Rxf4 g5 27. Rxf6 gxh4 28. Rf5 Re8 29. Nd3 Re4 30. Nf4 Rxf4 31. Rxf4 Rf8 32. Rxh4 Rf5 33. Ra4 a5 34. Ra3 c4 35. Re3 Kf7 36. g3 b5 0-1

[Event "Guernsey op 40th"]
[Site "Vale"]
[Date "2014.10.21"]
[Round "3"]
[White "Broek, Thomas"]
[Black "Shaw, Meyrick"]
[Result "1-0"]
[WhiteElo "2201"]
[BlackElo "1964"]
[PlyCount "67"]
[EventDate "2014.10.19"]
[EventType "swiss"]
[EventRounds "7"]
[EventCountry "GCI"]
[SourceTitle "EXT 2016"]
[Source "ChessBase"]
[SourceDate "2015.10.08"]
[SourceVersion "1"]
[SourceVersionDate "2015.10.08"]
[SourceQuality "1"]

1. e4 e5 2. Nf3 d6 3. Bc4 Nd7 4. d4 Be7 5. dxe5 Nxe5 6. Nxe5 dxe5 7. Qh5 g6 8. Qxe5 f6 9. Qb5+ Kf8 10. Qb3 Kg7 11. Nc3 c6 12. a4 Nh6 13. h3 Rf8 14. 0-0 Qc7 15. Ne2 Bd6 16. Be3 Bd7 17. Rad1 b6 18. Qd3 Bh2+ 19. Kh1 Rad8 20. Bxh6+ Kxh6 21. Qe3+ g5 22. g3 Bxh3 23. Rfe1 Bxg3 24. Qxg3 Qc8 25. Kh2 Bg4 26. f3 Bd7 27. Rd6 b5 28. Rg1 Kg7 29. Bd3 h6 30. e5 Bf5 31. Bxf5 Qxf5 32. Nd4 Qxe5 33. Qxe5 fxe5 34. Ne6+ 1-0